000 00706nam a2200253Ia 4500
003 OSt
005 20220925220823.0
006 a|||||r|||| 00| 0
007 ta
008 220923b |||||||| |||| 00| 0 eng d
020 _a0333348095
037 _cGeneral Book
040 _aRTL
_cRTL
_beng
041 _2eng
_aeng
082 _aX9(J), M4
100 _aCoppock J T
_9274312
245 0 _aAgriculture in developed countries
260 _aLondon
_bMacmillan Education
_c1984
300 _aviii,61p
_ccm.
500 _aAspects of geography; Bibliography P 60-61
650 _aAgricultural Industry
942 _hX9(J), M4
_cGB
_2CC
999 _c572577
_d572577